Culture Générale - Série 911 - Statistiques

Statistiques générales
  • Ce quiz a été pris 144 fois
  • Le résultat moyen est 4 sur 10
Statistiques - réponses
Question Réponse % Correct
Quand on est tout petit, on dit qu'on est "haut comme trois... pommes
98%
Quel est le prénom du footballeur français Ribéry ? Franck
91%
Dans quel pays se déroule le Grand Prix de Formule 1 de Monza ? Italie
82%
Quel joyeux coq à crête rouge était la mascotte de la Coupe du monde de football de 1998 ? Footix
48%
Quelle actrice incarne la femme de Dustin Hoffman, dans “Kramer contre Kramer” ? Meryl Streep
38%
Quelle plante, fournissant huile et fourrage, tire son nom d'un mot néerlandais signifiant “graine de chou” ? colza
31%
En 1818, quel célèbre banquier achète le château de Maisons, donnant ainsi son nom à une commune des Yvelines ? Jacques Laffitte
24%
Quel métier exerce l'héroïne de "Janique Aimée", série télévisée de 1963 ? Infirmière
22%
Quelle locution latine, signifiant “du haut de la chaire”, désigne un ton doctoral ? ex cathedra
6%
En 1962, quel roman de Henri-Pierre Roché est porté à l'écran par François Truffaut ? Jules et Jim
4%
Aucun quiz correspondant
Distribution des résultats
% des personnes avec chaque résultat
Percentile par nombre de réponses
Votre historique - résultats
Vous n’avez pas pris ce quiz